El paisaje /
Guardado en:
| Autor principal: | |
|---|---|
| Formato: | Desconocido |
| Lenguaje: | Spanish |
| Publicado: |
San José, Costa Rica :
Ediciones Promesa,
1999.
|
| Colección: | (Cuentos ;
no 3) |
| Materias: | |
| Etiquetas: |
Agregar Etiqueta
Sin Etiquetas, Sea el primero en etiquetar este registro!
|
MARC
| LEADER | 000000000a22000000004500 | ||
|---|---|---|---|
| 001 | 008126 | ||
| 020 | |a 9968410705 | ||
| 041 | 0 | |a spa | |
| 082 | 0 | 4 | |a G863.4 |b G643p |
| 100 | 1 | |a González Villanueva, Gustavo | |
| 245 | 1 | 3 | |a El paisaje / |c Gustavo González Villanueva. |
| 260 | 1 | |a San José, Costa Rica : |b Ediciones Promesa, |c 1999. | |
| 300 | |a 77 páginas ; |c 21 x 14 cm. | ||
| 490 | 1 | |a (Cuentos ; |v no 3) | |
| 650 | 4 | |a LITERATURA GUATEMALTECA | |
| 650 | 4 | |a CUENTOS | |
| 999 | |c 13732 |d 13732 | ||
| 942 | |c BK |h G863.4 G643p |2 z | ||



